Badyg-b: manual técnico
Guardat en:
| Autor principal: | |
|---|---|
| Format: | Llibre |
| Idioma: | espanyol |
| Publicat: |
Madrid
CEPE
1995
|
| Col·lecció: | Test y Psicodiagnóstico, 6
|
| Matèries: | |
| Etiquetes: |
Afegir etiqueta
Sense etiquetes, Sigues el primer a etiquetar aquest registre!
|
MARC
| LEADER | 00000nam a2200000 a 4500 | ||
|---|---|---|---|
| 001 | UCS4912 | ||
| 003 | CL-VaPUC | ||
| 008 | 970814e19950000SP |||||||||||||||||spa|d | ||
| 082 | 0 | 4 | |a 370.15 |b YUS |2 21 |
| 100 | 0 | |a Yuste Hernanz, Carlos |e author |9 390727 | |
| 245 | 1 | 0 | |a Badyg-b: manual técnico |
| 300 | |a 99 p | ||
| 942 | |c BK | ||
| 945 | |d 19970814 00:00:00 |a jquezada | ||
| 260 | |a Madrid |b CEPE |c 1995 | ||
| 500 | |a Contiene: 2 módulos de pruebas | ||
| 650 | 0 | |a Psicología educacional |9 307830 | |
| 650 | 0 | |a Psicología del aprendizaje |9 306854 | |
| 650 | 0 | |a Procesos de aprendizaje |9 309161 | |
| 650 | 0 | |a Desarrollo afectivo |9 334359 | |
| 650 | 0 | |a Psicología del niño |9 307305 | |
| 650 | 0 | |a Desarrollo individual |9 307875 | |
| 583 | |a last modification |c 19970814 00:00:00 |k Rodrigo Vera | ||
| 490 | 0 | |a Test y Psicodiagnóstico, 6 | |
| 999 | |c 261680 |d 261678 | ||
| 952 | |0 0 |1 0 |4 0 |6 370_150000000000000_YUS_1995 |7 0 |8 R |9 289391 |a BIBEDU |b BIBEDU |c MCIRC |d 2019-11-19 |i 3332713 |o 370.15 YUS 1995 |p 3332713 |r 2023-01-13 |w 2019-11-19 |y BK_R |k EDU | ||